00521nam a22001937a 450000500170000001000130001702000220003003500130005203700160006504000120008108200110009310000240010424500490012826000390017727000460021630000210026265000260028365000180030920170124110124.0 aA-491405 c00.00a0340543876 aA-491405 bCen Lib/Ret aDPLbEN aNbMAC aMacdonald, Caroline aSpeaking to Miranda /cby Caroline Macdonald aLondonbHodder and Stoughtonc1990 aMill Road,Dunton Green, SevenoaksbLondon a184p. c21cm(Hb) aLiterature -- Fiction aEngish novel